Methods for Euclidean geometry / (رقم التسجيلة. 23422)

تفاصيل مارك
000 -الفاتح
حقل البيانات ثابتة الطول 01557cam a22003857a 4500
001 - رقم الضبط
رقم الضبط 16151179
003 - محدد رقم الضبط
رقم الضبط OSt
005 - وقت وتاريخ اخر تعامل مع التسجيلة
رقم الضبط 20150408114037.0
008 - عناصر البيانات ثابتة الطول - معلومات عامة
حقل البيانات ثابتة الطول 100324s2010 dcua b 001 0 eng d
010 ## - رقم ضبط مكتبة الكونجرس
رقم ضبط مكتبة الكونجرس 2010925421
020 ## - الرقم الدولى المعيارى للكتب
الرقم الدولى المعيارى للكتاب 9780883857632
020 ## - الرقم الدولى المعيارى للكتب
الرقم الدولى المعيارى للكتاب 0883857634
035 ## - رقم ضبط النظام
رقم ضبط النظام (OCoLC)ocn501976971
040 ## - مصدر الفهرسة
وكالة الفهرسة الأصلية YDXCP
وكالة النسخ YDXCP
وكالة التعديل HF9
-- TXA
-- CDX
-- COD
-- DLC
042 ## - رمز التحقق
رمز التحقق lccopycat
050 00 - رقم طلب مكتبة الكونجرس
رقم التصنيف QA474
رقم المادة .B944 2010
082 00 - رقم تصنيف ديوى العشرى
رقم التصنيف 516.2
رقم الطبعة 23
100 1# - المدخل الرئيسى - إسم شخصى
الإسم الشخصى Byer, Owen.
9 (RLIN) 14520
245 10 - بيان العنوان
العنوان Methods for Euclidean geometry /
بيان المسئوليه,etc Owen Byer, Felix Lazebnik, Deirdre L. Smeltzer.
260 ## - PUBLICATION, DISTRIBUTION, ETC. (IMPRINT)
مكان الناشر او الموزع Washington, DC :
اسم الناشر او الموزع Mathematical Association of America,
تاريخ النشر أو التوزيع c2010.
300 ## - الوصف المادى
التعداد xvi, 461 p. :
تفاصيل ماديه اخرى للوعاء ill. ;
أبعاد الوعاء 28 cm.
490 0# - بيان السلسلة
عنوان السلسلة Classroom resource materials
504 ## - تبصرة ببليوجرافية
تبصرة ببليوجرافية,الخ Includes bibliographical references (p. 451-453) and index.
650 #0 - المدخل الاضافى بالموضوع-مصطلح موضوعى
مصطلح موضوعي أو اسم جغرافي كعنصر مدخل Geometry, Modern
التقسيم الفرعي العام Plane.
9 (RLIN) 14521
650 #0 - المدخل الاضافى بالموضوع-مصطلح موضوعى
مصطلح موضوعي أو اسم جغرافي كعنصر مدخل Euclid's Elements.
9 (RLIN) 14522
650 #0 - المدخل الاضافى بالموضوع-مصطلح موضوعى
مصطلح موضوعي أو اسم جغرافي كعنصر مدخل Geometry
التقسيم الفرعي العام Foundations.
9 (RLIN) 14523
700 1# - المدخل الاضافى - اسم شخصى
الإسم الشخصى Lazebnik, Felix.
9 (RLIN) 14524
700 1# - المدخل الاضافى - اسم شخصى
الإسم الشخصى Smeltzer, Deirdre L.
9 (RLIN) 14525
710 2# - المدخل الاضافى - اسم هيئه
اسم الهيئة أو اسم السلطة كمدخل Mathematical Association of America.
9 (RLIN) 14464
856 42 - الوصول و الموقع الالكترونى
مواد محددة Contributor biographical information
معرف المصدر الموحد <a href="http://www.loc.gov/catdir/enhancements/fy1114/2010925421-b.html">http://www.loc.gov/catdir/enhancements/fy1114/2010925421-b.html</a>
856 42 - الوصول و الموقع الالكترونى
مواد محددة Publisher description
معرف المصدر الموحد <a href="http://www.loc.gov/catdir/enhancements/fy1114/2010925421-d.html">http://www.loc.gov/catdir/enhancements/fy1114/2010925421-d.html</a>
856 41 - الوصول و الموقع الالكترونى
مواد محددة Table of contents only
معرف المصدر الموحد <a href="http://www.loc.gov/catdir/enhancements/fy1114/2010925421-t.html">http://www.loc.gov/catdir/enhancements/fy1114/2010925421-t.html</a>
942 ## - عناصر المدخل الإضافي( كوها)
مصدر التصنيف او مخطط الترفيف Dewey Decimal Classification
Koha [default] item type كتاب
المقتنيات
حالة الفقد نموذج السعر الفعال حالة تلف ليس للاعارة رقم الطلب تاريخ الاكتساب الموقع الحالي الباركود الفرع الرئيسي Date last seen نوع المادة فى نظام كوها مصدر التصنيف او خطة الترفيف Total Checkouts
  2013-03-10     516.2 B O M 2012-06-03 مكتبة كلية التربية بالزلفى - طالبات (EZF) 00088096 مكتبة كلية التربية بالزلفى - طالبات (EZF) 2013-03-10 كتاب Dewey Decimal Classification  
  2013-03-10     516.2 B O M 2012-06-03 مكتبة كلية التربية بالزلفى - طالبات (EZF) 00088097 مكتبة كلية التربية بالزلفى - طالبات (EZF) 2013-03-10 كتاب Dewey Decimal Classification  
  2013-03-10     516.2 B O M 2012-06-04 مكتبة كلية التمريض - طالبات (CNF) 00088132 مكتبة كلية التمريض - طالبات (CNF) 2013-03-10 كتاب Dewey Decimal Classification  
  2013-03-10     516.2 B O M 2012-06-04 مكتبة كلية التمريض - طالبات (CNF) 00088131 مكتبة كلية التمريض - طالبات (CNF) 2013-03-10 كتاب Dewey Decimal Classification  
  2013-03-10     516.2 B O M 2012-05-20 مكتبة مجمع الطالبات بالمجمعة (EMF) 00086534 مكتبة مجمع الطالبات بالمجمعة (EMF) 2013-03-10 كتاب Dewey Decimal Classification  
  2013-03-10     516.2 B O M 2012-05-20 مكتبة مجمع الطالبات بالمجمعة (EMF) 00086535 مكتبة مجمع الطالبات بالمجمعة (EMF) 2013-03-10 كتاب Dewey Decimal Classification  
  2013-03-10     516.2 B O M 2012-06-01 مكتبة مجمع الكليات بالزلفى - طلاب (SZM) 00086785 مكتبة مجمع الكليات بالزلفى - طلاب (SZM) 2013-03-10 كتاب Dewey Decimal Classification  
  2013-03-10     516.2 B O M 2012-06-01 مكتبة مجمع الكليات بالزلفى - طلاب (SZM) 00086306 مكتبة مجمع الكليات بالزلفى - طلاب (SZM) 2013-03-10 كتاب Dewey Decimal Classification